000
00344nam a2200145Ia 4500
008
230312s9999||||xx |||||||||||||| ||und||
020
_a
9789699739392
082
_a
891.4
_b
BMK-M
100
_a
بی.ایم.کُٹی
245
0
_a
مقصدِ سیا ست
260
_b
Jamhori
_a
pak
_c
2015
300
_a
215
650
_a
Literature
942
_c
BK
999
_c
14865
_d
14865